Niemcy - landy i ich największe miasta - Statystyki

Ogólne statystyki
  • Ten quiz został rozwiązany 225 razy
  • Średni wynik to 15 z 29
Statystyki odpowiedzi
Odpowiedź % Poprawnych
Berlin
95%
Hamburg
89%
Bawaria
80%
Monachium
79%
Saksonia
79%
Brema
67%
Brandenburgia
66%
Kolonia
56%
Dolna Saksonia
55%
Hesja
55%
Saara
53%
Lipsk
52%
Turyngia
51%
Stuttgart
49%
Nadrenia Północna-Westfalia
48%
Saksonia-Anhalt
48%
Frankfurt nad Menem
46%
Badenia-Wirtembergia
43%
Szlezwik-Holsztyn
42%
Hanower
41%
Meklemburgia-Pomorze Przednie
40%
Nadrenia-Palatynat
40%
Poczdam
39%
Kilonia
34%
Rostock
32%
Saarbrücken
31%
Erfurt
28%
Moguncja
28%
Halle
8%
Nie znaleziono quizów pasujących do podanych kryteriów
Rozkład punktacji
Procent ludzi z każdym wynikiem
Percentyl według liczby udzielonych odpowiedzi
Twoja historia wyników
Nie rozwiązałeś tego quizu